Meryl Streep - Sudden Death - Statistics

General Stats
  • This quiz has been taken 406 times
  • The average score is 8 of 17
Answers on the Grid
Answers color-coded by a green-red scale on the quiz's grid according to % correct below.
Eternal Sunshine of a Spotless Mind
Thelma & Louise
Kramer vs Kramer
Postcards from the Edge
The Queen
The Post
Chicago
Dead Man Walking
Silkwood
The Aviator
Mamma Mia!
The Iron Lady
Valkyrie
Spotlight
The Devil Wears Prada
Dark Matter
Lions for Lambs
Mississippi Burning
The Deerhunter
Being John Malkovich
Death Becomes Her
Little Women
Revolutionary Road
Out of Africa
The Bridges of Madison County
Dangerous Liaisons
Don’t Look Up
August: Osage County
The English Patient
Sophie’s Choice
 
Answer Stats
Answer % Correct
Mamma Mia!
78%
The Devil Wears Prada
78%
Kramer vs Kramer
68%
Sophie’s Choice
62%
The Iron Lady
60%
Death Becomes Her
57%
Out of Africa
48%
Don’t Look Up
46%
The Bridges of Madison County
46%
The Post
44%
Little Women
41%
The Deerhunter
36%
Postcards from the Edge
35%
Silkwood
35%
August: Osage County
32%
Lions for Lambs
21%
Dark Matter
9%
No matching quizzes found
Score Distribution
Percent of People with Each Score
Percentile by Number Answered
Your Score History
You have not taken this quiz